000 00701nam a22001817a 4500
005 20230913124338.0
010 _aHIN-125951
020 _a9788194234067
_c500.00
035 _aHN-98297
037 _bDBAD/PUB
082 _a158.1
100 _aरोच, गेश माइकल
_956543
245 _aप्रेम का कर्म /
_cगेश माइकल रोच
260 _aवाराणासी
_bकिशोर विद्या निकेतन
_c2020
270 _aबी-2/236-ए -1 भदैनी
_bवाराणसी
_e221001
300 _a547 पृ.;
_c22 सेमी (सजिल्द)
942 _cHN
_2ddc
_h158.1
_mरोचगे
999 _c198074
_d198074